| 000 | 00844nam a2200313Ia 4500 | ||
|---|---|---|---|
| 003 | OSt | ||
| 005 | 20220912150838.0 | ||
| 006 | a|||||r|||| 00| 0 | ||
| 007 | ta | ||
| 008 | 220909b |||||||| |||| 00| 0 eng d | ||
| 020 | _a0201539926 (pbk) | ||
| 024 | _a3412 | ||
| 037 | _bNarosa, | ||
| 037 | _cTextual | ||
| 040 |
_aCSL _beng _cCSL |
||
| 041 | _aeng | ||
| 082 | _aD65,8(B)92C++, N1 TD | ||
| 100 | _aStroustrup Bjarne | ||
| 245 | 0 | _aC++ programming language | |
| 250 | _a2 | ||
| 260 |
_aReading, Massachusetts _bAddison Wesley Publishing Company _c1991 |
||
| 300 | _axi,691p | ||
| 500 |
_aIndex 651-691p. _ccm. |
||
| 650 | _a C++ | ||
| 650 | _a Programing language | ||
| 650 | _aComputer science | ||
| 942 |
_hD65,8(B)92C++, N1 TD _cTEXL _2CC |
||
| 999 |
_c56067 _d56067 |
||